Infancy & childhood / (Record no. 13004)

000 -LEADER
fixed length control field 01945cam a22003254a 4500
001 - CONTROL NUMBER
control field 15088009
003 - CONTROL NUMBER IDENTIFIER
control field OSt
005 - DATE AND TIME OF LATEST TRANSACTION
control field 20161130020120.0
008 - FIXED-LENGTH DATA ELEMENTS--GENERAL INFORMATION
fixed length control field 071120s2009 maua b 001 0 eng
010 ## - LIBRARY OF CONGRESS CONTROL NUMBER
LC control number 2007047784
020 ## - INTERNATIONAL STANDARD BOOK NUMBER
International Standard Book Number 9780073355894 (alk. paper)
020 ## - INTERNATIONAL STANDARD BOOK NUMBER
International Standard Book Number 0073355895 (alk. paper)
035 ## - SYSTEM CONTROL NUMBER
System control number (OCoLC)ocn183608144
035 ## - SYSTEM CONTROL NUMBER
System control number (OCoLC)183608144
040 ## - CATALOGING SOURCE
Original cataloging agency DLC
Transcribing agency DLC
Modifying agency C#P
-- BWX
-- YDXCP
-- BAKER
-- DLC
050 00 - LIBRARY OF CONGRESS CALL NUMBER
Classification number HQ772
Item number .P29 2009
082 00 - DEWEY DECIMAL CLASSIFICATION NUMBER
Classification number 305.231
Edition number 22
100 1# - MAIN ENTRY--PERSONAL NAME
Personal name Patterson, Charlotte.
245 10 - TITLE STATEMENT
Title Infancy & childhood /
Statement of responsibility, etc. Charlotte J. Patterson.
246 3# - VARYING FORM OF TITLE
Title proper/short title Infancy and childhood
260 ## - PUBLICATION, DISTRIBUTION, ETC. (IMPRINT)
Place of publication, distribution, etc. Boston :
Name of publisher, distributor, etc. McGraw-Hill Higher Education,
Date of publication, distribution, etc. c2009.
300 ## - PHYSICAL DESCRIPTION
Extent xxvii, 564 p. :
Other physical details col. ill. ;
Dimensions 29 cm.
504 ## - BIBLIOGRAPHY, ETC. NOTE
Bibliography, etc Includes bibliographical references (p. 481-536) and indexes.
505 0# - FORMATTED CONTENTS NOTE
Formatted contents note Beginnings -- Introduction to child development -- Heredity, environment, and prenatal development -- Birth and the newborn infant -- Infancy and the toddler years -- Physical development and health during infancy and the toddler years -- Cognitive and language development during infancy and the toddler years -- Social and emotional development during infancy and the toddler years -- Early childhood -- Physical growth and health in early childhood -- Cognitive development during early childhood -- Social and emotional development during early childhood -- Middle childhood -- Physical growth and health in middle childhood -- Cognitive development in middle childhood -- Social and emotional development during middle childhood.
650 #0 - SUBJECT ADDED ENTRY--TOPICAL TERM
Topical term or geographic name as entry element Child development
Form subdivision Textbooks.
856 41 - ELECTRONIC LOCATION AND ACCESS
Materials specified Table of contents only
Uniform Resource Identifier <a href="http://www.loc.gov/catdir/toc/ecip086/2007047784.html">http://www.loc.gov/catdir/toc/ecip086/2007047784.html</a>
906 ## - LOCAL DATA ELEMENT F, LDF (RLIN)
a 7
b cbc
c orignew
d 1
e ecip
f 20
g y-gencatlg
942 ## - ADDED ENTRY ELEMENTS (KOHA)
Source of classification or shelving scheme
Koha item type Hard Covered Materials
Koha issues (borrowed), all copies 1
Holdings
Withdrawn status Lost status Source of classification or shelving scheme Damaged status Not for loan Home library Current library Shelving location Date acquired Source of acquisition Total Checkouts Full call number Barcode Date last seen Date last checked out Price effective from Koha item type
          MACHAKOS UNIVERSITY LIBRARY MACHAKOS UNIVERSITY LIBRARY Open shelf 09/08/2016 Donation(BFA) 2 HQ 772.P29 2009 21946 06/06/2019 29/11/2016 09/08/2016 Hard Covered Materials
          MACHAKOS UNIVERSITY LIBRARY MACHAKOS UNIVERSITY LIBRARY Open shelf 26/11/2016 Donation(B.F.A)   HQ 772.P29 2009 28423 06/06/2019   26/11/2016 Hard Covered Materials
© Machakos University Library, Along The Highway, Machakos Wote Rd, Machakos, Kenya P.O. Box 136 - 90100 Machakos - Kenya

Tel: ( +254 ) 723 805829 OR Fax : 044-20353 OR Email: library@mksu.ac.ke